| 000 | 00568nam a2200181Ia 4500 | ||
|---|---|---|---|
| 008 | 090123s9999 xx 000 0 und d | ||
| 082 |
_b10003 _a891.463/भावे |
||
| 100 | _aभावे पु. भा. | ||
| 245 | _aचोरंाचा बाजार | ||
| 250 | _a2 | ||
| 260 |
_bमेनका प्रकाशन _c1980 |
||
| 300 | _a232 | ||
| 600 | _aभावे पु. भा. | ||
| 630 | _aचोरंाचा बाजार | ||
| 700 | _aभावे पु. भा. | ||
| 730 | _aचोरंाचा बाजार | ||
| 942 | _cBOOK | ||
| 999 |
_c48069 _d48069 |
||